Central Library OPAC University of Rajshahi

আয়কর আইন [ সম্পদ কর ও দান কর আইন সহ ] = Income-tax law with wealth-tax and gift-tax law / (Record no. 59806)

MARC details
000 -LEADER
fixed length control field 00903nam a2200241 a 4500
001 - CONTROL NUMBER
control field 59806
003 - CONTROL NUMBER IDENTIFIER
rucl marc code BD-RjUL
005 - DATE AND TIME OF LATEST TRANSACTION
control field 20211209080754.0
008 - FIXED-LENGTH DATA ELEMENTS--GENERAL INFORMATION
fixed length control field 161227s1983 bg ||||| |||| 00| 0 ben d
020 ## - INTERNATIONAL STANDARD BOOK NUMBER
Terms of availability : Tk. 46.00
035 ## - SYSTEM CONTROL NUMBER
System control number (BD-RjUL)59930
040 ## - CATALOGING SOURCE
Original cataloging agency BD-RjUL
Language of cataloging ben
Transcribing agency BD-RjUL
041 ## - LANGUAGE CODE
Language code of text/sound track or separate title ben
082 ## - DEWEY DECIMAL CLASSIFICATION NUMBER
Edition number 23
Classification number 343.052
Author mark and year NUA 1983
100 ## - MAIN ENTRY--PERSONAL NAME
Personal name নুরুন্নবি, এম.
9 (RLIN) 135152
245 10 - TITLE STATEMENT
Title আয়কর আইন [ সম্পদ কর ও দান কর আইন সহ ] = Income-tax law with wealth-tax and gift-tax law /
Statement of responsibility, etc. এম. নুরুন্নবি
250 ## - EDITION STATEMENT
Edition statement ৪র্থ সং.
260 ## - PUBLICATION, DISTRIBUTION, ETC. (IMPRINT)
Place of publication, distribution, etc. রাজশাহী :
Name of publisher, distributor, etc. বেগম গুলশান আরা,
Date of publication, distribution, etc. ১৯৮৩
300 ## - PHYSICAL DESCRIPTION
Pagination vi, ৩৫৮ পৃ. ;
Size ১৯ সেমি
650 ## - SUBJECT ADDED ENTRY--TOPICAL TERM
Topical term or geographic name as entry element আয়কর আইন
9 (RLIN) 118704
Topical term or geographic name as entry element Income tax Law
9 (RLIN) 135153
942 ## - ADDED ENTRY ELEMENTS (KOHA)
Source of classification or shelving scheme Dewey Decimal Classification
Koha item type Books
Holdings
Lost status Source of classification or shelving scheme Damaged status Not for loan Collection code Permanent Location Current Location Shelving location Date acquired Source of acquisition Cost, normal purchase price Total Checkouts Full call number Date last seen Copy number Koha item type
  Dewey Decimal Classification   Not For Loan Non-fiction Central Library, University of Rajshahi Central Library, University of Rajshahi Reading Room 02/02/1984 Aligarh library, Rajshahi 56.00   B 343.052 NUA 1983 27/12/2016 C-1 Books